00225nam a2200097 i 4500001000400000245003100004260003500035040000800070041000800078008004100086bgj 0aNew world's of literature. aNew York ; London,ccop. 1989. cBPK aeng s uk f |000 0 eng